00978nam a2200241Ia 4500001000600000003000900006008004100015040001300056040001300069041001300082100002300095100002900118245008500147245006400232250001100296260001000307260000900317260004900326300005700375500025100432650002200683650003100705H2582IT-RoPAU130308s9999 xx 000 0 und d aIT-RoPAU cIT-RoPAU aFRANCESE aWinkler Jean-Marie gCodice Aut. SPICS: 57058 aAutour du theatre de Thomas Bernhard. Theatralitè, illusion et parole poetique bEcrire pour le Theatre. Les Enjeux de L'Ecriture Dramatique a1a ed. aPARIS bCNRS c2000 [1° Ed.:2000 - Ed.Ling.Originale:2000] a"14 p. (prefazione: no ; testo: 14 [pagine: 67-80])" aSul Teatro di Thomas Bernhard. Teatralità, Illusione e Parola Poetica. grado Zero del Teatro: Teatralità. Teatro e Rappresentazione. Spettacolo Teatrale e Autobiografia. Musicalità della Scrittura Drammatica: vittoria Delpoeta Sul Silenzio? aTEORICHE TEATRALI eCodice materia Spics: 8405